100 Biggest Cities of Latvia on a Map - Statistics

General Stats
  • This quiz has been taken 712 times
  • The average score is 41 of 100
Answers on the Map
Answers color-coded by a green-red scale on the quiz's map according to % correct below.
 
Answer Stats
Population City % Correct
614,618 Riga
99%
81,074 Daugavpils
86%
2,079 Liepa
85%
68,200 Liepāja
84%
33,442 Ventspils
82%
49,861 Jūrmala
79%
55,953 Jelgava
77%
27,314 Rēzekne
69%
23,022 Ogre
67%
23,046 Valmiera
66%
21,686 Jēkabpils
65%
14,842 Cēsis
64%
16,604 Tukums
64%
4,490 Valka
64%
10,124 Kuldīga
62%
9,908 Bauska
61%
14,367 Sigulda
60%
9,671 Saldus
57%
8,849 Talsi
57%
6,790 Madona
56%
6,931 Ādaži
55%
14,356 Mārupe
55%
17,952 Salaspils
55%
6,488 Alūksne
53%
6,850 Limbaži
52%
3,090 Saulkrasti
52%
8,731 Dobele
51%
7,040 Gulbene
50%
7,303 Krāslava
50%
7,527 Ludza
49%
7,031 Aizkraukle
48%
5,157 Ķekava
48%
10,393 Olaine
48%
5,810 Balvi
46%
2,576 Salacgrīva
45%
5,253 Smiltene
43%
1,989 Roja
42%
3,517 Grobiņa
41%
6,131 Preiļi
41%
3,997 Aizpute
40%
4,538 Carnikava
40%
5,477 Iecava
38%
3,383 Kandava
38%
5,896 Lielvārde
38%
2,683 Rūjiena
38%
1,869 Skrunda
38%
6,746 Baloži
37%
7,016 Līvāni
37%
7,317 Ikšķile
36%
1,318 Zilupe
36%
3,670 Baldone
35%
1,739 Jaunjelgava
35%
1,511 Ropaži
35%
2,195 Auce
34%
2,829 Brocēni
34%
1,459 Dundaga
34%
1,318 Engure
34%
2,428 Koknese
34%
2,063 Ķegums
33%
2,879 Ulbroka
33%
1,701 Varakļāni
33%
1,916 Dagda
31%
1,555 Ērgļi
31%
1,888 Kārsava
31%
1,823 Priekule
31%
3,102 Jaunmārupe
30%
4,139 Ozolnieki
30%
2,917 Pļaviņas
30%
3,101 Jaunolaine
29%
2,177 Ilūkste
28%
3,275 Piņķi
28%
3,236 Vangaži
27%
1,914 Garkalne
26%
2,285 Skrīveri
26%
2,530 Valmiermuiža
26%
1,862 Zvejniekciems
26%
1,485 Lubāna
25%
1,773 Mālpils
25%
2,043 Malta
25%
1,554 Stende
25%
1,483 Eleja
24%
2,015 Priekuļi
24%
1,500 Ugāle
23%
1,473 Vaiņode
23%
1,825 Inčukalns
22%
2,004 Vecumnieki
22%
1,310 Garciems
21%
2,230 Kadaga
21%
2,179 Katlakalns
21%
1,497 Viesīte
21%
1,609 Kalnciems
20%
2,771 Viļāni
20%
2,453 Dreiliņi
19%
1,503 Medemciems
19%
1,393 Tīraine
19%
1,378 Augšlīgatne
18%
1,456 Ogresgals
18%
1,732 Saurieši
18%
1,652 Valdlauči
18%
1,380 Rāmava
16%
No matching quizzes found
Score Distribution
Percent of People with Each Score
Percentile by Number Answered
Your Score History
You have not taken this quiz